000 004330000a22001810004500
999 _c49207
_d49207
001 2057
003 CO-MdFUSB
005 20181114152520.0
008 181114b xxu||||| |||| 00| 0 eng d
040 _cCO-MdBIC
082 0 4 _a813C D31c
100 1 _aDavoll, Barbara
245 1 0 _aThe Camping caper / Barbara Davoll
260 _aNew York : Guideposts
300 _a24 P.
650 1 4 _aCuento Cristiano en ingles
942 _cLGB